Logman Language activator (Record no. 43135)

MARC details
000 -Etiqueta do registo
Valores 00399nam a2200157 4500
100 ## - Dados gerais de processamento
Dados gerais 20240529 pory50
101 ## - Língua de publicação
Língua ing
102 ## - País de publicação
País ING
200 ## - Titulo e menção de responsabilidade
Título próprio Logman Language activator
Informação de outro título the wold's first production dictionary
210 ## - Publicação
Local de publicação Harlow
Nome do editor Longman Corpus Network
Data de publicação imp. 1996
215 ## - Descrição física 
Paginação / Volumes 1587 , B. 11 p.
675 ## - CDU
Notação (038)
801 ## - Fonte de origem
País PT
Regras de catalogação RPC
990 ## - Elementos KOHA
Tipo de documento Livro
Holdings
Aquisição Empréstimo Código de barras Cota Permissão de empréstimo Tipo de documento
Biblioteca Escolar Doutor Hernâni Cidade Biblioteca Escolar Doutor Hernâni Cidade 79915 038 AAVV LING. ING.   Livro

Powered by Koha